Star Wars Alien Species - Sudden Death - Statistics

General Stats
  • This quiz has been taken 319 times
  • The average score is 11 of 16
Answers on the Grid
Answers color-coded by a green-red scale on the quiz's grid according to % correct below.
Tusken Raider
Romulan
Wookiee
Cybermen
Mon Calamari
Cylon
Neimoidian
Gungan
Bothan
Cardassian
Bajoran
Ugnaught
Vulcan
Ewok
Rodian
Klingon
Ferengi
Toydarian
Vashta Nerada
Gamorrean
Borg
Vorta
Twi'lek
Hutt
Betazoid
Jawa
Dilgar
Andorian
Dalek
Bith
Tauntaun
Vorlon
 
Answer Stats
Answer % Correct
Tusken Raider
92%
Wookiee
90%
Ewok
82%
Gungan
82%
Mon Calamari
81%
Hutt
78%
Jawa
72%
Twi'lek
71%
Rodian
64%
Neimoidian
60%
Tauntaun
60%
Toydarian
58%
Ugnaught
56%
Bothan
53%
Gamorrean
53%
Bith
38%
No matching quizzes found
Score Distribution
Percent of People with Each Score
Percentile by Number Answered
Your Score History
You have not taken this quiz